ბათუმის შოთა რუსთაველის სახელმწიფო უნივერსიტეტის ბიბლიოთეკა

Крит / (ბიბ.ჩანაწერი № 61012)

000 -LEADER
fixed length control field 00715nam a22001817a 4500
005 - DATE AND TIME OF LATEST TRANSACTION
control field 20231206163523.0
008 - FIXED-LENGTH DATA ELEMENTS--GENERAL INFORMATION
fixed length control field 231206s1978 ru ||||| |||| 00| 0 rus d
041 ## - LANGUAGE CODE
Language code of text/sound track or separate title rus
080 ## - UNIVERSAL DECIMAL CLASSIFICATION NUMBER
Universal Decimal Classification number 008(495-9) K-82
245 ## - TITLE STATEMENT
Title Крит /
Statement of responsibility, etc. Текст Б. Рутковский; Фото А.Дзеванский.
264 ## - PRODUCTION, PUBLICATION, DISTRIBUTION, MANUFACTURE, AND COPYRIGHT NOTICE
Place of production, publication, distribution, manufacture Варшава:
Name of producer, publisher, distributor, manufacturer Аркады,
Date of production, publication, distribution, manufacture, or copyright notice 1978.
300 ## - PHYSICAL DESCRIPTION
Extent 24 см.:
Other physical details ил.;
Dimensions 29 см.
440 ## - SERIES STATEMENT/ADDED ENTRY--TITLE
Title Искусство и культура древнего мира.
9 (RLIN) 20603
653 ## - INDEX TERM--UNCONTROLLED
keyword კრეტა
700 ## - ADDED ENTRY--PERSONAL NAME
Personal name Рутковский, Б.
Relator term ტექსტის ავტორი
9 (RLIN) 20604
700 ## - ADDED ENTRY--PERSONAL NAME
Personal name Дзеванский, А.
Relator term ფოტოგრაფი
9 (RLIN) 20605
942 ## - ADDED ENTRY ELEMENTS (KOHA)
Source of classification or shelving scheme
Koha item type წიგნი
ეგზემპლარები
Withdrawn status Lost status Source of classification or shelving scheme Damaged status Not for loan Permanent Location Current Location Shelving location Date acquired Cost, normal purchase price Full call number Barcode Date last seen Copy number Uniform Resource Identifier Price effective from Koha item type Public note
          ბათუმის შოთა რუსთაველის სახელმწიფო უნივერსიტეტის მთავარი ბიბლიოთეკა ბათუმის შოთა რუსთაველის სახელმწიფო უნივერსიტეტის მთავარი ბიბლიოთეკა წიგნსაცავი 2023-12-06 10.00 008(495-9) K-82 65542 2023-12-06 65542 ბსუ-ს საპატიო დოქტორის გურამ ლორთქიფანიძის საჩუქარი 2023-12-06 წიგნი 10 ლ.